Tip-tip cemerlang daripada Quran / (Record no. 631)

000 -LEADER
fixed length control field nam a22 a 4500
003 - CONTROL NUMBER IDENTIFIER
control field AKMAL
005 - DATE AND TIME OF LATEST TRANSACTION
control field 20170504134520.0
008 - FIXED-LENGTH DATA ELEMENTS--GENERAL INFORMATION
fixed length control field 170504s20052008my e 000 0 may d
020 ## - INTERNATIONAL STANDARD BOOK NUMBER
International Standard Book Number 9833372201
Qualifying information paperback :
Terms of availability RM29.00
040 ## - CATALOGING SOURCE
Original cataloging agency AKMAL
082 04 - DEWEY DECIMAL CLASSIFICATION NUMBER
Classification number 158 DAN
Edition number 22
090 00 - LOCALLY ASSIGNED LC-TYPE CALL NUMBER (OCLC); LOCAL CALL NUMBER (RLIN)
Classification number (OCLC) (R) ; Classification number, CALL (RLIN) (NR) 158
Local cutter number (OCLC) ; Book number/undivided call number, CALL (RLIN) DAN
100 0# - MAIN ENTRY--PERSONAL NAME
Personal name Danial Zainal Abidin,
Dates associated with a name 1955-,
Relator term author.
9 (RLIN) 1357
245 10 - TITLE STATEMENT
Title Tip-tip cemerlang daripada Quran /
Statement of responsibility, etc. Danial Zainal Abidin
264 #1 - PRODUCTION, PUBLICATION, DISTRIBUTION, MANUFACTURE, AND COPYRIGHT NOTICE
Place of production, publication, distribution, manufacture Bentong, Pahang :
Name of producer, publisher, distributor, manufacturer PTS Millennia,
Date of production, publication, distribution, manufacture, or copyright notice 2005
264 #4 - PRODUCTION, PUBLICATION, DISTRIBUTION, MANUFACTURE, AND COPYRIGHT NOTICE
Date of production, publication, distribution, manufacture, or copyright notice ©2008
300 ## - PHYSICAL DESCRIPTION
Extent xiv, 294 pages ;
Dimensions 23 cm.
490 1# - SERIES STATEMENT
Series statement Siri pembangunan diri
504 ## - BIBLIOGRAPHY, ETC. NOTE
Bibliography, etc. note Bibliography: pages 289-291
533 ## - REPRODUCTION NOTE
Type of reproduction Electronic reproduction.
Place of reproduction Batu Caves, Selangor :
Agency responsible for reproduction PTS Millennia,
Date of reproduction 2014.
Note about reproduction Available via World Wide Web
650 10 - SUBJECT ADDED ENTRY--TOPICAL TERM
Topical term or geographic name entry element Muslims
General subdivision Conduct of life
9 (RLIN) 1358
650 20 - SUBJECT ADDED ENTRY--TOPICAL TERM
Topical term or geographic name entry element Self-realization
General subdivision Religious aspects
-- Islam
9 (RLIN) 1359
650 20 - SUBJECT ADDED ENTRY--TOPICAL TERM
Topical term or geographic name entry element Success
General subdivision Religious aspects
-- Islam
9 (RLIN) 1360
830 #0 - SERIES ADDED ENTRY--UNIFORM TITLE
Uniform title Siri pembangunan diri
9 (RLIN) 1361
856 4# - ELECTRONIC LOCATION AND ACCESS
Uniform Resource Identifier http://www.bookcafe.com.my/index.php?target=products&product_id=183
Link text Kulit Depan, Ringkasan & Isi Kandungan
942 ## - ADDED ENTRY ELEMENTS (KOHA)
Source of classification or shelving scheme
Koha item type Book
Holdings
Withdrawn status Lost status Source of classification or shelving scheme Damaged status Not for loan Collection code Home library Current library Shelving location Date acquired Inventory number Total Checkouts Full call number Barcode Date last seen Price effective from Koha item type
          NON-FICTION AKMAL Melaka AKMAL Melaka PINJAMAN 04.05.2017 100512   158 DAN 201701508 04.05.2017 04.05.2017 Book
Pusat Sumber Maklumat Dato' Haji Sarmin Md Hussin, Akademi Kastam Diraja Malaysia, Melaka
Tel: 06-2331106 | Faks: 06-2313787